000 00831nam a2200289Ia 4500
005 20260324140055.0
008 008 260324s9999 xx 000 0 eng d
020 _a9781410604408
037 _aEBOOK
040 _aCRL
040 _beng
040 _cCRL
041 _2eng
041 _aeng
084 _qCRL
100 _aRoland A. Lubie Wentworth; Felix Wentworth
_91203029
245 0 _aMontessori for the New Millennium
245 0 _bPractical Guidance on the Teaching and Education of Children of All Ages, Based on A Rediscovery of the True Principles and Vision of Maria Montessori
260 _bTaylor and Francis
260 _c1999
365 _a
365 _b230
856 _uhttp://www.taylorfrancis.com/books/9781410604408
942 _cEBOOK
999 _c1804700
_d1804700